El Llamado desde la corporeidad del sujeto: hilvanando reflexiones desde la economía, la ética y el género /
Gespeichert in:
| 1. Verfasser: | |
|---|---|
| Format: | Text |
| Schlagworte: | |
| Tags: |
Tag hinzufügen
Keine Tags, Fügen Sie den ersten Tag hinzu!
|
MARC
| LEADER | 00000 a a2200000 04500 | ||
|---|---|---|---|
| 001 | 11935 | ||
| 003 | |||
| 040 | |||
| 100 | |a González Butrón, María Arcelia | ||
| 245 | |a El Llamado desde la corporeidad del sujeto: |b hilvanando reflexiones desde la economía, la ética y el género / |c María Arcelia González Butrón | ||
| 650 | |a MUJERES | ||
| 650 | |a ECONOMIA | ||
| 650 | |a ETICA | ||
| 650 | |a CAPITALISMO | ||
| 650 | |a TEORIA | ||
| 650 | |a ESTADO | ||
| 650 | |a SOCIEDAD CIVIL | ||
| 650 | |a AJUSTE ESTRUCTURAL | ||
| 650 | |a DERECHOS HUMANOS | ||
| 650 | |a EQUIDAD SOCIAL | ||
| 650 | |a POBREZA | ||
| 773 | |g número 85; páginas 1-12 | ||
| 999 | |c 35678 |d 35678 | ||
| 773 | 0 | |0 41641 |9 2550 |a Departamento Ecuménico de Investigaciones (DEI) |d San José, Costa Rica Departamento Ecuménico de Investigaciones (DEI) |o 20143 |t Pasos / | |
